LEADER 00829nam0-22002891i-450- 001 990002562270403321 035 $a000256227 035 $aFED01000256227 035 $a(Aleph)000256227FED01 035 $a000256227 100 $a20000920d1964----km-y0itay50------ba 101 0 $aENG 200 1 $aSuccessive Approximation$fN.Ya. Vilenkin. 210 $aOxford$cPergamon Press$d1964. 215 $aix, 70 p.$d22 cm 225 1 $aPopular lectures in mathematics$v15 610 0 $aAnalisi numerica, Approssimazione, Interpolazione 676 $a515 700 1$aVilenkin,$bNaum Akovlevi?$f<1920- >$00 801 0$aIT$bUNINA$gRICA$2UNIMARC 901 $aBK 912 $a990002562270403321 952 $aMXIV-B-34$b033017$fMAS 959 $aMAS 996 $aSuccessive Approximation$9436893 997 $aUNINA DB $aING01 LEADER 01123nam2-2200349---450- 001 990003206530203316 005 20090316153556.0 010 $a978-1-4073-0236-2 035 $a000320653 035 $aUSA01000320653 035 $a(ALEPH)000320653USA01 035 $a000320653 100 $a20090316d2008----km-y0itaa50------ba 101 0 $aspa 102 $aUK 105 $aa|||z|||001yy 200 1 $a<> inkario en los valles del sur andino boliviano$elos yamparas entre la arqueología y etnohistoria$fvolumen editado por Sonia Alconini 210 $aOxford$cArchaeopress$d2008 215 $aIV, 144 p.$cill.$d30 cm 225 2 $aBAR International series$v1868 410 0$1001000018484$aBAR International series 607 0 $aBolivia$xZone archeologiche 676 $a984 702 $aALCONINI,$bSonia 801 0$aIT$bsalbc$gISBD 912 $a990003206530203316 951 $aXI.5. Coll. 12/436$b214697 LM$cXI.5. Coll.$d00202766 959 $aBK 969 $aUMA 979 $aSENATORE$b90$c20090316$lUSA01$h1535 996 $aInkario en los valles del sur andino boliviano$91012145 997 $aUNISA LEADER 02351nam 2200577Ia 450 001 9910480490503321 005 20170810175213.0 010 $a1-282-40186-6 010 $a9786612401862 010 $a90-485-0810-X 035 $a(CKB)1000000000807188 035 $a(EBL)474324 035 $a(OCoLC)609851406 035 $a(SSID)ssj0000366489 035 $a(PQKBManifestationID)12088498 035 $a(PQKBTitleCode)TC0000366489 035 $a(PQKBWorkID)10415957 035 $a(PQKB)11163020 035 $a(MiAaPQ)EBC474324 035 $a(EXLCZ)991000000000807188 100 $a20100616d2008 uy 0 101 0 $adut 135 $aur|n|---||||| 181 $ctxt 182 $cc 183 $acr 200 10$aSystematisch e?n flexibel$b[electronic resource] $emethodiekontwikkeling in het spanningsveld tussen evaluatie en beleid /$fL.W.C. Tavecchio 210 $aAmsterdam $cHVA Publicaties$dc2008 215 $a1 online resource (44 p.) 225 1 $aHvA Openbare Lessen 300 $a"Openbare les uitgesproken op 3 december 2008 Hogeschool van Amsterdam." 311 $a90-5629-549-7 320 $aIncludes bibliographical references (p. 39-40). 330 $a'De Karthuizer' houden zich bezig met maatschappelijke, culturele en sociaal-pedagogische vraagstukken, vooral uit de sector zorg, welzijn en cultuur in Amsterdam en omstreken. Het kan daarbij om van alles gaan: van jeugdprojecten tot schuldsanering. Goed onderzoek hoort aan de basis van de aanpak van dit soort vraagstukken te liggen. In Nederland is men, wat de aanpak van maatschappelijke problemen betreft, niet zo onderzoekminded. Liever vindt men het wiel opnieuw uit. Een voorbeeld is het buurtproject waarbij vaders worden ingeschakeld om lastige jongeren in het gareel te krijgen. Veel grot 410 0$aHvA Openbare Lessen 606 $aQualitative research 606 $aEducation$xResearch$xMethodology 608 $aElectronic books. 615 0$aQualitative research. 615 0$aEducation$xResearch$xMethodology. 676 $a001.4 676 $a001.42 676 $a709 700 $aTavecchio$b Louis W. C.$f1946-$0873502 801 0$bMiAaPQ 801 1$bMiAaPQ 801 2$bMiAaPQ 906 $aBOOK 912 $a9910480490503321 996 $aSystematisch e?n flexibel$91950095 997 $aUNINA